000 00949nam a22001935i 4500
001 156018
003 ES-MaACL
005 20230906210307.0
008 050803s1879 sp | |||||||| ||spa d
040 _aCAM
_bspa
_cCAM
110 2 _aInstituto Provincial de Segunda Enseñanza de Navarra.
_95223
245 1 0 _aMemoria acerca del estado del Instituto Provincial de Segunda Enseñanza de Navarra
_b: leída el dia 1º de octubre en la ... apertura del curso académico de 1879 á 1880 /
_cpor Victor Sainz de Robles.
260 _aPamplona :
_b[s.n.],
_c1879 (
_fImprenta Provincial, á cargo de V. Cantera)
300 _a60 p. ;
_c20 cm.
597 _aLas pp. 41-48 corresponden a 1 h. de cuadr. pleg.
610 2 _aInstituto Provincial de Segunda Enseñanza de Navarra-
_vMemorias.
_9134531
700 1 _aSáinz de Robles, Víctor.
_9132999
852 _aES-MaACL
_jT-338-F-4
_z-- Enc. hol., falto de la cub. original
_z-- Enc. en un vol. facticio
999 _c156018
_d156018